| 000 | 00657nam a22002417a 4500 | ||
|---|---|---|---|
| 003 | UA-OsUOA | ||
| 001 | 37376 | ||
| 007 | ta | ||
| 008 | 20060306b un ||||| |||| 00| 0 ukr d | ||
| 100 | _aПримостка Л.О. | ||
| 090 |
_a336:657 _bП76 |
||
| 942 | _cBK | ||
| 040 |
_aUA-OsUOA _bukr _cUA-OsUOA _dUA-OsUOA |
||
| 245 |
_aФінансові деривативи: аналітичні та облікові аспекти _bМонографія |
||
| 300 | _a263 с. | ||
| 955 | _a2 | ||
| 041 | _aukr | ||
| 080 | _a336:657 | ||
| 020 | _a966-574-233-7 | ||
| 260 |
_aК. _bКНЕУ _c2001 |
||
| 650 | 7 |
_a336 Фінанси _2UDC |
|
| 999 |
_c323565 _d323565 |
||